| 000 | 00828cam a22002538i 4500 | ||
|---|---|---|---|
| 003 | Ost | ||
| 005 | 20250826183825.0 | ||
| 006 | m |o d | | ||
| 007 | cr_||||||||||| | ||
| 008 | 210831s2022 nyu o 001 0 eng | ||
| 020 | _a129209463X | ||
| 020 | _a9781292094632 | ||
| 040 |
_aKABLIB _beng _cKABLIB _erda |
||
| 082 | 0 | 0 |
_a339 _223 _bPAR |
| 100 | 1 |
_aParkin, Michael, _d1939- _914662 |
|
| 245 | 1 | 0 |
_aMicroeconomics / _cMichael Parkin. |
| 250 | _a12th ed. | ||
| 260 |
_aBoston ; Harlow : _bPearson Education Ltd., _cc2016 |
||
| 300 |
_a528 p. : _bcol. ill. ; _c28 cm. |
||
| 500 | _aIncludes glossary, index. | ||
| 650 | 0 |
_aMicroeconomics. _917 |
|
| 776 | 0 | 8 |
_iPrint version: _aParkin, Michael, 1939- _tMacroeconomics _bFourteenth Edition. _dNew York, NY : Pearson, 2022 _z9780137470822 _w(DLC) 2021042489 |
| 942 |
_2ddc _cBOOK |
||
| 999 |
_c5803 _d5803 |
||